| 000 | 01522nam0a22003131 4500 | ||
|---|---|---|---|
| 001 | v19\rc\1402968 | ||
| 005 | 20260406061007.0 | ||
| 035 | _a(NLR Aleph) 004564311 | ||
| 090 |
_a2315714 _c2315714 |
||
| 100 | _a20060512d1903 |||y0rusy50 ca | ||
| 101 | 0 | _arus | |
| 102 | _aRU | ||
| 105 | _ay z ||||b | ||
| 200 | 1 | _aКраткое жизнеописание старца Серафима Саровского и полковницы Агафии Семеновны Мельгуновой, основателей Серафимо-Дивеева женского монастыря | |
| 205 | _a4-е изд. | ||
| 210 |
_aКазань _cСерафимо-Дивеевск. женский монастырь _d1903 |
||
| 215 | _a96 с. | ||
| 300 | _aЗагл. незнач. изменено | ||
| 702 | 0 |
_4570 _8rus _7ca _aАлександра _cМельгунова, Агафия Семеновна _cсхимонахиня _f-1789 _3RU\NLR\AUTH\7711207 _9120961 |
|
| 702 | 0 |
_9z02790 _aСерафим Саровский _cМошнин, Прохор _f1754 или 1759-1833 _4570 |
|
| 712 | 0 | 2 |
_aСерафимо-Дивеевский Троицкий женский монастырь _cНижегор. губ. |
| 790 | 1 |
_9z01702 _aМельгунова _bА.С. _gАгафья Семеновна |
|
| 790 | 1 |
_9z02702 _aМошнин _bП. _f1754 или 1759-1833 _gПрохор |
|
| 801 | 0 |
_aRU _bNLR _gpsbo |
|
| 801 | 0 |
_aRU _bRuMoRGB _2psbo |
|
| 801 | 1 |
_aRU _bProSoft-M _2rusmarc |
|
| 852 |
_aNLR _j38.68.4.11 |
||
| 942 | _cBOOK | ||
| 980 | _aNB | ||